| 000 | 01030nam a2200253 a 4500 | ||
|---|---|---|---|
| 001 | 53933 | ||
| 003 | BD-RjUL | ||
| 005 | 20211209080039.0 | ||
| 008 | 161029s1967 ii ||||e |||| 00| 0 ben d | ||
| 020 | _cTk 20.00 | ||
| 035 | _a(BD-RjUL)54055 | ||
| 040 |
_aBD-RjUL _bben _cBD-RjUL |
||
| 041 | _aben | ||
| 082 |
_223 _a891.44409 _bMUB 1967 |
||
| 100 |
_aমুখোপাধ্যায়, অরুণকুমার । _9121124 |
||
| 245 | 1 | 0 |
_aবাংলা গদ্যরীতির ইতিহাস / _cঅরুণকুমার মুখোপাধ্যায় । |
| 250 | _a১ম সং. | ||
| 260 |
_aকলকাতা : _bদে'জ পাবলিশিং , _c১৯৬৭ |
||
| 300 |
_a৪১৮ পৃ.; _c২১ সেমি । |
||
| 504 | _aনির্দেশিকা সংযুক্ত । | ||
| 650 |
_aবাংলা প্রবন্ধ _xইতিহাস ও সমালোচনা _9120541 |
||
| 650 |
_aBengali essay _xHistory and criticism _9121402 |
||
| 942 |
_2ddc _cBK _05 |
||
| 999 |
_c53933 _d53933 |
||